[Event "RUS-chT Blitz Men 2018"]
[Site "Sochi"]
[Date "2018.10.10"]
[Round "4"]
[White "Ponkratov, Pavel"]
[Black "Potapov, Pavel"]
[Result "0-1"]
[WhiteElo "2628"]
[BlackElo "2515"]
[Annotator "TA"]
[PlyCount "90"]
[EventDate "2018.10.10"]
[EventType "swiss"]
[EventCountry "RUS"]
[SourceTitle "playchess.com"]
[Source "ChessBase"]
[SourceQuality "1"]

{[%evp 9,90,50,57,47,58,54,58,52,59,47,74,21,96,82,81,25,17,0,8,0,49,43,58,24,34,7,57,54,88,84,58,59,86,-36,56,58,33,-41,-29,-27,-33,-71,-60,-83,-49,-200,-195,-233,-252,-370,-364,-372,-372,-338,-364,-352,-331,-347,-344,-418,-417,-447,-436,-571,-558,-558,-557,-481,-354,-1122,-1100,-1093,-1076,-1000,-899,-29982,-29983,-29983,-29984,-29984,-29985,-29980,-29968]} 1. d4 d5 2. c4 e5 3. dxe5 d4 4. Nf3 Nc6 5. Nbd2 Nge7 6. Nb3 {[%cal Rb3d4] D08: Albin Counter Gambit} Nf5 7. e4 dxe3 $1 8. Qxd8+ {White is slightly better.} Nxd8 9. fxe3 Nc6 {[%cal Bd8c6,Bc6a5,Ba5c4][%mdl 32]} (9... Be7 10. Bd3 O-O 11. O-O c6 12. Bd2 Re8 13. Nbd4 {1-0 (44) Grischuk,A (2766)-Nepomniachtchi,I (2757) chess.com INT 2018}) 10. Kf2 $146 (10. Bd3 $16) ({Predecessor:} 10. Bd3 Bb4+ 11. Kf2 Be7 12. Bd2 Nh4 13. Bc3 {1-0 (62) Drozdovskij,Y (2627)-Bauer,C (2590) Ourense 2009}) 10... Be6 (10... Be7 $11) 11. Bd2 O-O-O 12. Bc3 (12. Be2 $16) 12... Bb4 $11 13. Nbd4 {Hoping for Nxc6.} (13. Bd4 {looks sharper.} g5 14. a3 Be7 15. Bc3 Nh6 16. Kg1) 13... Bxc3 14. bxc3 Na5 15. c5 $36 {[%cal Bc4c5,Bc5c6][%mdl 2080] White fights for an advantage.} h6 16. Bd3 Ne7 17. Be4 Nd5 18. Rhc1 Nc4 19. c6 {cxb7+ is the strong threat.} b6 20. a4 a5 21. Nf5 (21. h3 $16) 21... Bxf5 ({Better is} 21... g6 $15 22. Bxd5 Bxd5 23. Ne7+ Kb8 24. Nxd5 Rxd5) 22. Bxf5+ $14 Kb8 23. e4 (23. Bd7 $14) 23... Nf4 $15 {aiming for ...Nd3+.} 24. Rd1 Nd3+ 25. Kg3 Ndxe5 26. Rd4 f6 {[%cal Bf7f6,Bf6e5][%mdl 32]} 27. Rad1 $2 {[#]} (27. Nxe5 $15 Nxe5 28. Bd7) 27... Nd6 $1 $19 ({Stronger than} 27... Nxc6 28. Rxc4 Rxd1 29. Rxc6 $11) 28. Nxe5 fxe5 29. Rd5 {[#]} (29. R4d3 {was worth a try.}) 29... g6 $1 {[%mdl 512]} 30. Bg4 (30. Bxg6 Rhg8) 30... Nxe4+ 31. Kf3 Rxd5 32. Rxd5 Nxc3 33. Rxe5 Nxa4 {[%mdl 4096] Endgame KRB-KRN} 34. Re6 g5 35. Ke3 Nc5 36. Rg6 Rd8 37. Rxh6 a4 38. Bh5 Rf8 {Strongly threatening ...a3.} 39. Be2 $2 (39. Rh7) 39... a3 {Threatens to win with ...a2.} 40. Bc4 {[#]} b5 $1 {[%cal Bb6b5,Bb5b4,Bb4b3][%mdl 544]} 41. Bd5 (41. Bxb5 a2) 41... b4 {And now ...b3 would win.} 42. Kd4 b3 {Black mates.} 43. Kxc5 a2 44. Rh3 a1=Q 45. Rxb3+ Ka8 {Precision: White = 25%, Black = 60%.} 0-1

[Event "RUS-chT Blitz Men 2018"]
[Site "Sochi"]
[Date "2018.10.10"]
[Round "4"]
[White "Alekseev, Evgeny"]
[Black "Morozevich, Alexander"]
[Result "0-1"]
[WhiteElo "2620"]
[BlackElo "2656"]
[Annotator "TA"]
[PlyCount "74"]
[EventDate "2018.10.10"]
[EventType "swiss"]
[EventCountry "RUS"]
[SourceTitle "playchess.com"]
[Source "ChessBase"]
[SourceQuality "1"]

{[%evp 22,74,22,25,27,30,17,17,34,32,27,16,50,18,49,0,0,0,0,0,0,-7,0,0,28,-14,-7,-23,0,0,0,0,0,4,35,35,66,8,8,0,8,3,25,-27,18,0,10,-135,-130,-470,-447,-1008,-933,-29998,-29999]} 1. e4 c5 2. Nf3 e6 3. d4 cxd4 4. Nxd4 Nc6 5. Nc3 Qc7 6. Be2 a6 7. O-O Bc5 8. Be3 {B47: Sicilian: Taimanov: 5 Nc3 Qc7 6 f4, 6 g3 and 6 Be2} d6 9. Qd2 Nf6 10. Rad1 Bd7 11. Nb3 Bxe3 12. Qxe3 {LiveBook: 5 Games} O-O 13. Qd2 Ne8 $1 14. f4 {[#]} Rd8 $146 ({Predecessor:} 14... b5 15. Bf3 Rd8 {½-½ (54) Kravtsiv,M (2621)-Morozevich,A (2711) Berlin 2015}) 15. Rf3 b5 16. a3 Bc8 17. Rd3 a5 18. Nxb5 Qb6+ 19. Re3 e5 $1 {[%cal Re5f4]} 20. Kh1 $1 a4 21. Nc1 Nf6 {[#] White must now prevent ...d5.} 22. Nc3 $1 (22. Nxd6 $2 {[#]} Rxd6 $1 {[%mdl 512]} 23. Qxd6 Qxe3 $19) 22... Qxb2 23. Nxa4 Qd4 24. Nc3 Qxd2 25. Rxd2 exf4 26. Red3 Ne5 27. Rxd6 Rxd6 (27... Bd7 {is more complex.} 28. R6d4 Nc6 29. Rc4 Ne5 30. Rc5 Rc8) 28. Rxd6 Be6 29. Bb5 ({White should try} 29. Nd3 $14 Nxd3 30. Bxd3 (30. Rxd3 Rc8 $11)) 29... g5 $11 {[%cal Bg7g5,Bg5g4,Bg4f3][%mdl 32]} 30. a4 Rc8 31. N1e2 g4 {Strongly threatening ...f3.} 32. Nd1 (32. Nd5 $142 Bxd5 33. Rxf6 Bxe4 34. Rxf4 Bxc2 35. Kg1) 32... f3 ({Don't play} 32... Nxe4 33. Rd4 $11) 33. gxf3 gxf3 34. Nf4 (34. Nec3 $11 {was the only way to keep the balance.}) 34... Rxc2 $17 ({But not} 34... Nxe4 $6 35. Rd4 $11) 35. Nxe6 $4 {[%mdl 8192]} (35. a5 $17) 35... fxe6 $19 36. h3 (36. Rd8+ $142 Kf7 37. Ne3) 36... Nxe4 {( -> ...Ng3+)} 37. Rxe6 Ng3+ {Precision: White = 37%, Black = 38%.} 0-1

[Event "RUS-chT Blitz Men 2018"]
[Site "Sochi"]
[Date "2018.10.10"]
[Round "4"]
[White "Romanov, Evgeny"]
[Black "Iljiushenok, Ilia"]
[Result "0-1"]
[WhiteElo "2614"]
[BlackElo "2539"]
[Annotator "TA"]
[PlyCount "92"]
[EventDate "2018.10.10"]
[EventType "swiss"]
[EventCountry "RUS"]
[SourceTitle "playchess.com"]
[Source "ChessBase"]
[SourceQuality "1"]

{[%evp 18,92,14,-8,-10,-39,-41,-36,-43,-49,-46,-80,-63,-90,-69,-125,-125,-131,-153,-196,-181,-309,-289,-298,-306,-314,-311,-316,-114,-200,-156,-150,-158,-186,-164,-195,-184,-196,-178,-339,-345,-343,-334,-323,-331,-326,-313,-337,-320,-351,-332,-445,-441,-411,-389,-352,-312,-1019,-636,-923,-795,-792,-765,-738,-759,-754,-697,-899,-897,-1014,-1007,-1045,-1041,-994,-949,-29959,-5916]} 1. d4 Nf6 2. Bg5 Ne4 3. Bf4 c5 4. f3 Qa5+ 5. c3 Nf6 6. Nd2 cxd4 7. Nb3 Qb6 8. Qxd4 Nc6 9. Qxb6 axb6 10. e4 d5 {A45: Trompowsky Attack} 11. exd5 (11. Nd2 dxe4 12. Nxe4 Nd5 13. Bd2 f5 14. Bc4 e6 15. Nf2 Na5 16. Bxd5 exd5 17. O-O-O Nc4 18. Kb1 {½-½ (34) Teske,H (2471)-Tarlev,K (2561) Innsbruck 2017}) 11... Nxd5 12. Bd2 e5 {Black is slightly better.} 13. a3 Be6 14. Nc1 Be7 15. Bd3 O-O 16. Nge2 (16. Nh3 $15) 16... Rfd8 $146 ({Predecessor:} 16... f5 17. Ng3 Bc5 18. Bc4 {0-1 (38) Novais,C (2011)-Suarez Real,A (2395) Vila Nova de Gaia 2010}) 17. Bc2 {[#]} Na5 $1 $36 {[%cal Ra5c4][%mdl 2048] Black is really pushing.} 18. Nd3 Nc4 19. Bc1 (19. O-O-O $142) 19... Nde3 $19 20. Bb1 Nxg2+ 21. Kf2 Nh4 22. Ng3 Nf5 $2 (22... Bd5 $19 {is more deadly. Threatens to win with ...f6.} 23. Ne1 g6) 23. Re1 (23. Nxf5 $17 Bxf5 {[#]} 24. Nxe5 $1 {[%mdl 512]} Bxb1 25. Nxc4 Bh4+ 26. Kg2) 23... Nxg3 24. hxg3 f6 25. Bc2 b5 26. Rb1 Bf5 27. Nb4 Bc5+ 28. Kg2 $2 (28. Ke2 {was called for.} Be6 29. Rd1) 28... Bxc2 29. Nxc2 Nd2 30. Ra1 Nb3 31. Rb1 Nxc1 32. Rbxc1 Rd2+ 33. Kh3 Rad8 34. b4 Bf2 35. Rf1 R8d3 36. Na1 Rxf3 37. Nb3 $2 (37. Rc2 Rxg3+ 38. Kh2 Rxc2 39. Nxc2) 37... Ra2 38. Ra1 Rb2 39. Rab1 Rxg3+ 40. Kh2 Rxb1 41. Rxb1 Rxc3 {KRB-KRN} 42. Na5 b6 43. Nb7 e4 {[%cal Be5e4,Be4e3][%mdl 32]} 44. Kg2 Rc2 45. Kf1 Bg3 {And now ...e3 would win.} 46. Rd1 e3 {Precision: White = 30%, Black = 69%.} 0-1

[Event "RUS-chT Blitz Men 2018"]
[Site "Sochi"]
[Date "2018.10.10"]
[Round "4"]
[White "Yuffa, Daniil"]
[Black "Papenin, Nikolai"]
[Result "1/2-1/2"]
[WhiteElo "2563"]
[BlackElo "2334"]
[Annotator "TA"]
[PlyCount "133"]
[EventDate "2018.10.10"]
[EventType "swiss"]
[EventCountry "RUS"]
[SourceTitle "playchess.com"]
[Source "ChessBase"]
[SourceQuality "1"]

{[%evp 9,133,0,0,0,0,0,0,6,40,36,34,-16,22,2,0,-16,-17,-35,-10,-60,-53,-62,-35,-51,-54,-96,-102,-107,-62,-119,-95,-164,-159,-239,-201,-220,-214,-244,-185,-174,-85,-302,-278,-295,-310,-281,-154,-228,-145,-145,-111,-110,-115,-157,-160,-154,-109,-109,-109,-109,-109,-109,-109,-109,-109,-116,-115,-126,-126,-170,-115,-110,-60,-725,-725,-721,-718,-710,-708,-701,-507,-677,-701,-700,-700,-610,-600,-585,-574,-559,-545,-535,0,-543,0,-522,0,-514,-507,-497,-75,-491,0,-484,-451,-473,-431,-412,-392,-366,0,-259,-75,-252,-75,-237,-75,-75,-75,-75,0,-41,-41,-41,-8,-12]} 1. g3 Nf6 2. Bg2 g6 3. e4 e5 4. Nc3 Bg7 5. Nf3 Nc6 6. O-O {C26: Vienna Game: 2...Nf6, sidelines} O-O 7. d3 Re8 (7... d6 8. h3 Ne8 9. Nd5 Be6 10. c3 Qc8 11. Kh2 h6 12. d4 exd4 13. Nxd4 Bxd5 14. exd5 Nxd4 15. cxd4 c5 16. dxc6 bxc6 {1-0 (91) Safarli,E (2660)-Amin,B (2652) Tromsoe 2013}) 8. h3 $146 ({Predecessor:} 8. Ne1 Nd4 9. f4 d6 10. f5 gxf5 11. Bg5 h6 12. Bxf6 Qxf6 13. Nd5 {0-1 (32) Horvath,G (2280)-Portisch,F (2370) Budapest 1997}) 8... h6 9. Be3 d6 10. Nd2 Nd7 11. f4 exf4 12. gxf4 f5 13. Bf2 Nf6 14. Qf3 Nh5 15. Rae1 Nd4 16. Bxd4 $1 Bxd4+ 17. Kh1 Qh4 $36 {[%mdl 2048] aiming for ...g5. White is under strong pressure.} 18. Ne2 Bb6 19. c3 (19. Nc4 $15) 19... Bd7 20. Nc4 (20. Kh2 $17) 20... Bc6 $19 {And now ...Rxe4! would win.} 21. Nd2 (21. Kh2 $17 {keeps fighting.}) 21... Rf8 22. Kh2 Rae8 23. d4 Bxe4 24. Nxe4 Rxe4 (24... fxe4 $19 {is more deadly.} 25. Qg4 Qxg4 26. hxg4 Nf6) 25. Qd3 $2 (25. Qf2 $17 Qxf2 26. Rxf2) 25... Re7 ({Not} 25... Nxf4 26. Nxf4 $1 {[%mdl 512]} Rxf4 27. Re6 $17) 26. Ng3 Rxe1 27. Rxe1 Qxf4 ({Black should try} 27... Nxf4 $19 28. Qd2 c6) 28. Qf3 (28. Rf1 $17 Qxg3+ 29. Qxg3 Nxg3 30. Kxg3) 28... Qxf3 29. Bxf3 Nxg3 30. Kxg3 {[%mdl 4096] Endgame KRB-KRB} c6 31. Re6 Kf7 32. d5 Re8 33. Rxe8 Kxe8 34. dxc6 bxc6 35. Bxc6+ $17 {KB-KB} Kf7 36. Kf3 Kf6 37. Be8 g5 38. b3 d5 39. a4 {[#]} Ke5 (39... Bc7 $1 $19 40. Bh5 Be5) 40. Bf7 a5 41. Be8 $2 {[%mdl 8192]} (41. b4 $15) 41... d4 $19 42. cxd4+ Bxd4 43. Bf7 Bc3 44. Be8 Bb4 45. Bf7 Kf6 46. Be8 Bc5 47. Bh5 Bd6 48. Be8 Ke5 49. Bf7 Bc5 50. Be8 Kf6 51. Bh5 $1 Bd6 52. Be8 $1 Ke5 53. Bf7 $1 Bb4 54. Be8 Kd4 $2 (54... Bf8 $19 55. Bg6 Bc5) 55. Bf7 $2 {[%mdl 8192]} (55. Bd7 $17) 55... Ke5 56. Be8 $1 Kf6 57. Bh5 Bc5 58. Be8 Ke6 59. Bg6 Ke5 60. Be8 Kd4 $2 (60... Be7 $19 {and Black stays clearly on top.} 61. Bg6 Kf6) 61. Bf7 $2 (61. Bd7 $17 {was necessary.}) 61... Bd6 $2 (61... Bb6 $19 62. Bh5 Ke5) 62. Be8 $2 {[#]} (62. Be6 $17) 62... Kc3 $2 (62... Ba3 $1 $19 {has better winning chances.} 63. Bg6 Ke5) 63. Bf7 $17 Kb4 64. Be6 Kc3 ({Better is} 64... f4 $17) 65. Bxf5 Kxb3 66. Bd7 Kb4 67. Ke4 {Precision: White = 28%, Black = 46%.} 1/2-1/2

[Event "RUS-chT Blitz Men 2018"]
[Site "Sochi"]
[Date "2018.10.10"]
[Round "4"]
[White "Savchenko, Boris"]
[Black "Usmanov, Vasily"]
[Result "1-0"]
[WhiteElo "2562"]
[BlackElo "2453"]
[Annotator "TA"]
[PlyCount "166"]
[EventDate "2018.10.10"]
[EventType "swiss"]
[EventCountry "RUS"]
[SourceTitle "playchess.com"]
[Source "ChessBase"]
[SourceQuality "1"]

{[%evp 14,166,15,16,35,43,42,24,0,29,29,11,26,26,26,26,27,26,26,14,14,10,12,0,26,20,19,19,19,19,26,0,58,58,43,56,62,10,88,83,75,64,56,68,79,66,72,70,117,113,118,122,151,151,206,187,336,315,368,362,531,533,564,556,888,872,829,826,968,936,1143,1101,1025,972,2024,2050,1765,1612,29975,29976,29965,1251,5628,5661,29951,29952,29977,29980,29978,29979,29986,29961,29959,29949,12825,29952,29947,5661,5654,386,5654,5654,5654,386,5646,5529,5581,5535,5487,3030,1372,1354,1341,743,686,653,29963,29969,29968,29964,29966,29963,29964,29965,29964,29965,29967,29968,29966,29969,29969,29967,29970,29970,29957,5946,6668,5334,29966,8892,5545,5113,578,488,488,488,488,488,29966,29967,29968,29958,29978,6309,5097]} 1. e4 e6 2. d4 d5 3. Nc3 Nf6 4. Bg5 dxe4 {[#]} 5. Nxe4 $1 {[%mdl 512]} Be7 (5... Nxe4 6. Bxd8) 6. Bxf6 Bxf6 7. Nf3 O-O 8. Qd2 Bd7 {C13: French: Classical System: 4 Bg5 Be7, Alekhine-Chatard Attack} (8... Be7 9. Bd3 Nd7 10. O-O c5 11. Nxc5 Bxc5 12. dxc5 Nxc5 13. Rad1 Nxd3 14. Qxd3 Qxd3 15. Rxd3 f6 16. Nd2 e5 {1-0 (54) Inarkiev,E (2675)-Lysyj,I (2700) Moscow 2015}) 9. O-O-O Bc6 10. Qf4 Bxe4 {White has an edge.} 11. Qxe4 Qd5 12. Bd3 {[%csl Gd3][%cal Re4h7]} Qxe4 13. Bxe4 c6 $146 14. c3 Nd7 15. h4 h5 16. a4 a5 17. Kc2 g6 18. Ra1 Be7 19. Rhe1 Rfe8 20. g3 Bd6 21. Nd2 Bc7 22. Re2 e5 ({Black should try} 22... f5 $11) 23. d5 $14 cxd5 24. Bxd5 Rab8 25. Nf3 (25. Ne4 $14) 25... Kg7 (25... Nf6 $11 26. Bc4 Rbc8) 26. Ng5 $16 Re7 27. Bxf7 $1 Rxf7 28. Ne6+ ({But not} 28. Nxf7 Kxf7 29. f3 Nc5 $15) 28... Kh6 {aiming for ...Bb6.} 29. Nxc7 Nc5 $1 30. Nd5 e4 31. Nf4 b5 32. axb5 Rxb5 {[#]} 33. Ra2 $1 Rd7 (33... a4 $16 34. Rd2 Rb6) 34. Rd2 $18 Nd3 (34... Rxd2+ {keeps fighting.} 35. Kxd2 Nb7) 35. Nxd3 Rbd5 36. c4 Rd4 (36... exd3+ $142 37. Kc3 Rf5) 37. b3 Rxd3 38. Rxd3 Rxd3 39. Rxa5 {[%mdl 4096] Endgame KR-KR} Rf3 40. b4 Rxf2+ 41. Kc3 Rf3+ 42. Kd4 Rxg3 43. Re5 Rd3+ 44. Kxe4 Rh3 45. b5 Rxh4+ 46. Kd5 Rh1 47. c5 (47. b6 $142 Rd1+ 48. Kc6 Rf1 49. b7 Rf6+ 50. Kd7 Rf7+ 51. Re7 Rf8 52. Re8 Rf7+ 53. Kc8) 47... h4 48. c6 {[%cal Bc5c6,Bc6c7][%mdl 32]} h3 49. Re3 Kg5 50. c7 Rc1 51. b6 Kh4 52. Rxh3+ Kxh3 53. b7 Rxc7 54. b8=Q {KQ-KR} Rf7 55. Ke4 (55. Qd6 $142 Rf5+ 56. Ke4 Rg5 57. Qd7+ Kh2 58. Qd6+ Kh3 59. Qd7+ Kh2 60. Qe7) 55... Kg4 56. Qe8 $2 (56. Qd6 Kh5 57. Qd1+ Kg5 58. Qd5+ Rf5 59. Qd2+ Kh5 60. Qe2+ Kg5 61. Qg2+ Kh5 62. Qh2+ Kg5 63. Qd2+ Kg4 64. Qd6) 56... Rf6 $2 (56... Rf4+ 57. Ke5 g5 58. Qe6+ Kh4 59. Qh6+ Kg4) 57. Ke5 Rf5+ 58. Ke6 $2 (58. Kd6 g5 59. Qd7) 58... Kg5 $2 (58... g5 59. Qa4+ Rf4 60. Qd1+ Kh4 61. Qh1+ Kg4) 59. Qh8 Rf4 60. Qe5+ Rf5 61. Qe3+ Kg4 62. Qd2 Kh5 63. Qh2+ Kg5 64. Qh3 Rf4 65. Qg3+ Rg4 66. Qe5+ Kh4 67. Qh2+ Kg5 68. Ke5 Ra4 69. Qd2+ Kh5 70. Qd1+ Rg4 71. Qe2 Kg5 72. Qf3 Kh5 73. Kf6 Kh4 74. Qe2 (74. Qe3 $142 g5 75. Kg6 Rg3 76. Qe2 Kh3 77. Kf5 g4 78. Kf4 Rf3+ 79. Kg5) 74... Kh3 75. Qf2 g5 76. Kg6 (76. Qe2 $142 Rg3 77. Kf5 g4 78. Kf4 Rg2 79. Qe1 Kh2 80. Qa1 Rg3 81. Qh8+ Kg2 82. Qh7) 76... Rg2 77. Qf3+ Kh2 78. Qh5+ Kg1 79. Qh3 g4 80. Qe3+ Kh2 (80... Kf1 $18 81. Kg5 Rg1) 81. Kg5 Rg3 82. Qe2+ Kh3 83. Qe1 (83. Qf2 $142 Rf3 84. Qg1 Rf8 85. Qxg4+ Kh2 86. Qe2+ Kg1 87. Qg4+ Kf2 88. Qd4+ Kf1 89. Kg4) 83... Kh2 {Precision: White = 51%, Black = 46%.} 1-0

[Event "RUS-chT Blitz Men 2018"]
[Site "Sochi"]
[Date "2018.10.10"]
[Round "4"]
[White "Bocharov, Dmitry"]
[Black "Grachev, Boris"]
[Result "0-1"]
[WhiteElo "2557"]
[BlackElo "2626"]
[Annotator "TA"]
[PlyCount "52"]
[EventDate "2018.10.10"]
[EventType "swiss"]
[EventCountry "RUS"]
[SourceTitle "playchess.com"]
[Source "ChessBase"]
[SourceQuality "1"]

{[%evp 14,52,15,14,16,-12,24,-22,0,0,0,-17,-13,-12,0,0,22,5,0,-15,-12,-36,-45,-37,-64,-154,0,-77,-70,-306,-305,-803,-803,-1190,-1235,-1737,-1117,-1156,-1199,-1559,-1222]} 1. e4 c5 2. g3 Nc6 3. Bg2 g6 4. Ne2 Bg7 5. O-O e6 6. c3 Nge7 7. d4 cxd4 8. cxd4 d5 {B20: Sicilian: Unusual White 2nd moves} 9. e5 O-O 10. Na3 (10. Nbc3 b6 11. f4 Ba6 12. Be3 Rc8 13. g4 {0-1 (37) Bartel,M (2641)-Caruana,F (2791) Dubai 2014}) 10... b6 {The position is equal.} 11. Nc2 Ba6 12. Bd2 $146 ({Predecessor:} 12. f4 Nf5 13. Rf2 Bxe2 14. Rxe2 h5 15. Qd3 Qd7 16. Bd2 {1-0 (32) Kellner,J-Fuller,M Perth 1963}) 12... Nf5 {...Bxe2 is the strong threat.} 13. Bc3 Rc8 14. Re1 Rc7 15. Nf4 Bh6 16. Nd3 Qd7 17. h4 Rfc8 $36 {[%mdl 2048] Black has the initiative.} 18. Bh3 Nce7 19. Bf1 (19. a4 $15) 19... Nc6 $2 {[#]} (19... Rxc3 $17 20. bxc3 Rxc3) 20. a3 ({Much worse is} 20. Nc5 bxc5 21. Bxa6 Rb8 $17) (20. Bh3 $11 {remains equal.}) 20... Bc4 $17 21. Ncb4 $2 ({White should play} 21. Qg4 $15) 21... Ncxd4 $19 22. g4 $2 (22. Nc1) 22... Bb3 {Black is clearly winning.} 23. Qb1 Nf3+ 24. Kh1 N5xh4 25. Nc1 Bc4 26. Nbd3 Nxe1 {Precision: White = 17%, Black = 38%.} 0-1

[Event "RUS-chT Blitz Men 2018"]
[Site "Sochi"]
[Date "2018.10.10"]
[Round "4"]
[White "Sychev, Klementy"]
[Black "Kretov, Evgenij"]
[Result "1-0"]
[WhiteElo "2534"]
[BlackElo "2219"]
[Annotator "TA"]
[PlyCount "55"]
[EventDate "2018.10.10"]
[EventType "swiss"]
[EventCountry "RUS"]
[SourceTitle "playchess.com"]
[Source "ChessBase"]
[SourceQuality "1"]

{[%evp 15,55,0,0,0,23,23,25,10,52,40,63,43,57,40,63,51,52,56,48,50,67,68,68,68,66,67,104,98,96,106,116,-239,103,96,320,320,315,310,286,195,29995,29996]} 1. d4 Nf6 2. c4 e6 3. Nf3 d5 4. g3 Bb4+ 5. Bd2 Be7 6. Bg2 O-O 7. O-O c6 8. Qb3 Nbd7 9. Rc1 {E11: Bogo-Indian} (9. Bf4 a5 10. Rd1 Nh5 11. Bc1 Nhf6 12. Nbd2 b5 13. c5 b4 14. Qc2 a4 15. Re1 e5 16. Nxe5 Nxe5 17. dxe5 {1-0 (33) Caruana,F (2784)-So,W (2799) Berlin 2018}) 9... b6 10. cxd5 cxd5 11. Nc3 {White has an edge.} a5 $146 ({Predecessor:} 11... Bb7 12. Rc2 Rc8 13. Rac1 a6 14. Nb1 Rxc2 15. Rxc2 Qa8 16. Bb4 Bxb4 17. Qxb4 {½-½ (38) Cuenca Jimenez,J (2506)-Magem Badals,J (2531) Linares 2018}) 12. Nb5 Ba6 13. a4 Ne4 14. Bf4 Rc8 15. Rxc8 Qxc8 16. Rc1 Qd8 17. e3 g5 18. Bc7 $36 {[%mdl 2048] White has good play.} Qa8 {next ...Rc8 is good for Black.} 19. Ne5 Nxe5 20. Bxe5 {And now Bxe4 would win.} Rc8 21. Rxc8+ Qxc8 22. Nc7 Bb4 23. Nxa6 $2 {[%mdl 8192] [#]} (23. Bxe4 $16 dxe4 24. Nxa6 Qxa6 25. Qd1) 23... Qxa6 $2 ({Black should play} 23... Qc1+ $1 $19 24. Bf1 Qd2) 24. Qc2 $16 f6 $2 (24... Nd2 $16) 25. Bxe4 $18 dxe4 26. Bxf6 Qd3 27. Qc1 Bd2 $2 {[#]} (27... h6 $18 28. h4 Kf7) 28. Qc7 {Precision: White = 56%, Black = 17%.} 1-0

[Event "RUS-chT Blitz Men 2018"]
[Site "Sochi"]
[Date "2018.10.10"]
[Round "4"]
[White "Shcherbakov, Ruslan"]
[Black "Belyakov, Bogdan"]
[Result "1-0"]
[WhiteElo "2516"]
[BlackElo "2458"]
[Annotator "TA"]
[PlyCount "125"]
[EventDate "2018.10.10"]
[EventType "swiss"]
[EventCountry "RUS"]
[SourceTitle "playchess.com"]
[Source "ChessBase"]
[SourceQuality "1"]

{[%evp 18,125,17,10,18,19,46,54,49,46,57,46,64,23,70,64,86,91,107,109,96,69,117,94,421,174,516,503,1135,1128,1099,1131,1102,1093,1770,681,700,693,668,532,539,543,608,506,496,313,495,452,423,388,381,347,392,343,365,361,374,339,377,322,322,304,288,0,301,247,435,325,437,439,434,388,384,375,370,328,504,485,518,463,423,383,469,478,636,641,659,656,675,687,613,623,767,767,1169,1139,1734,1761,1803,1799,1682,1577,29972,29974,29986,29987,29989,29990,29990,29991]} 1. e4 e5 2. Bc4 Nc6 3. Nf3 Bc5 4. c3 Nf6 5. d3 O-O 6. Nbd2 h6 {C54: Giuoco Piano: 4 c3 Nf6, main lines with 5 d4 and 5 d3} 7. O-O a5 8. h3 d6 9. Re1 Be6 10. Bb5 {LiveBook: 36 Games} Bb6 (10... Qb8 11. Nf1 Qa7 12. Re2 a4 13. Ng3 Qa5 14. Bxc6 bxc6 15. Nh4 Rfe8 16. Re1 {½-½ (28) Mamedyarov,S (2808)-Karjakin,S (2782) Stavanger 2018}) 11. Nf1 Nh5 $146 ({Predecessor:} 11... Ne7 12. Ng3 Ng6 13. d4 exd4 14. cxd4 {½-½ (38) Bok,B (2611)-Hracek,Z (2610) Heraklio 2017}) 12. d4 exd4 13. cxd4 {[#] Strongly threatening d5.} Bd7 14. Be3 Nf6 15. Bd3 {[%cal Bb5d3,Bd3b1,Bb1c2][%mdl 32]} Re8 16. Ng3 Nb4 {[#]} 17. Bb1 $1 a4 18. a3 Nc6 19. Qd3 Kf8 20. Bc2 Na5 $2 {[%mdl 8192]} (20... Nxe4 $16 {is tougher.} 21. d5 (21. Nxe4 Bf5 $11) 21... Nxg3 22. Bxb6 Bf5) 21. Rad1 (21. e5 $142 dxe5 22. dxe5 Bxh3 23. Qxd8 Raxd8 24. Bxb6 cxb6 25. exf6 Rxe1+ 26. Rxe1) 21... Nb3 $2 (21... Nc6 {is more resistant.} 22. d5 Ne5 23. Nxe5 dxe5) 22. e5 $18 Ng8 (22... Nxd4 $142 23. Bxd4 dxe5 24. Bxe5 Be6) 23. Qh7 d5 24. Nh5 Be6 25. Nxg7 Ke7 26. Nxe8 (26. Nxe6 $142 Qb8 27. Bg6) 26... Qxe8 27. Nh4 Kd7 28. Nf5 Ne7 29. Nxe7 Qxe7 30. Qxh6 Rg8 31. Qf6 Qf8 (31... Qxf6 {might work better.} 32. exf6 Bxh3) 32. Bf5 Qe8 33. Bxe6+ fxe6 34. Rd3 Kc6 35. Rc3+ Kb5 36. Qf3 Ka6 37. h4 Ka7 38. Rc2 Rf8 39. Qg4 Rg8 40. Qf3 $2 ({White should play} 40. Qd1 $18) 40... Qg6 $2 {[%mdl 8192]} (40... Rf8 $1 $11 41. Qd1 Rh8) 41. Rce2 c6 $2 (41... Bxd4 42. h5 Qg7) 42. g3 Nxd4 43. Bxd4 Bxd4 44. Qf4 Qxg3+ 45. Qxg3 Rxg3+ {[%mdl 4096] Endgame KRR-KRB} 46. Kh2 Rg4 (46... Rf3 {keeps fighting.} 47. Kg2 Rf5) 47. Kh3 Rg8 48. Rd1 Bc5 49. Rd3 Be7 50. Rg3 Rf8 51. Rg6 Rh8 52. Rxe6 Bxh4 53. Kg4 Bd8 54. f4 d4 55. f5 Ba5 56. Rd6 c5 57. e6 {[%cal Be5e6,Be6e7][%mdl 32]} Rg8+ 58. Kf3 Bc7 59. Rd7 Kb6 60. e7 {White mates.} Re8 61. f6 {[%cal Bf5f6,Bf6f7][%mdl 32]} Kc6 62. Rxc7+ Kxc7 63. f7 {Precision: White = 61%, Black = 26%.} 1-0